00557nam a2200169Ia 4500008004100000020001500041041000800056082001700064100001800081245004000099250000600139260006200145300001300207650000900220999001900229952013900248210716s2004 xx 000 0 und d a8173665575 aeng a005.268 ALLD aAllen, David. aWindows to linux migration toolkit. a1 aMumbaibShroff Publishers and Distributors Pvt Ltdc2004 axxxi,490 aNone c187540d187540 001040708MCAaAIMITbAIMITeIntel Book Distributorsg475.00l0o005.268 ALLDpMCA07048r2026-05-23 00:00:00v380.00w2021-07-16yBK